000 00684nam a2200241 i 4500
001 C2-0259858
003 PPAK
005 20180727230029.0
008 041007s2004 wau |||| ||||| | eng d
020 _a1574887335
040 _aPPAK
_beng
_cPPAK
_erda
082 0 4 _a613.69
_223
090 0 0 _a613.69
_bBEA
_dG
100 1 _aBeahm, George,
_eauthor
245 1 0 _aStraight talk about terrorism :
264 1 _aWashington :
_bBrassey's Inc. ,
_c2004
300 _a157 pages ;
_c21 cm
336 _2rdacontent
_atext
337 _2rdamedia
_aunmediated
338 _2rdacarrier
_avolume
650 1 0 _aterrorism - United States - Prevention - Citizen participation
942 _ddc
_cB
999 _c71110
_d71110